[Event "TCh-NED Meesterklasse 2011-12"]
[Site "Netherlands NED"]
[Date "2012.03.10"]
[Round "7.10"]
[White "Van Wissen,M"]
[Black "Houtman,J"]
[Result "0-1"]
[WhiteElo "2252"]
[BlackElo "2212"]

1.e4 e5 2.Nf3 Nc6 3.Bb5 a6 4.Ba4 Nf6 5.O-O Be7 6.Re1 b5 7.Bb3 d6 8.c3 O-O
9.h3 Bb7 10.d4 Re8 11.Nbd2 Bf8 12.a4 h6 13.Bc2 g6 14.d5 Ne7 15.c4 c6 16.b3 Kh7
17.Ba3 Neg8 18.Bd3 Qd7 19.Qe2 bxa4 20.bxa4 Nh5 21.Qe3 Nf4 22.dxc6 Bxc6 23.Bc2 Rab8
24.Kh2 Nf6 25.c5 Ng4+ 26.hxg4 Qxg4 27.Rg1 Bd7 28.Qe1 Be7 29.Bd1 Qh5+ 30.Kg3 Bh4+
31.Nxh4 Qg5+ 32.Kf3 Bg4+ 33.Ke3 Nxg2+ 34.Kd3 Nxe1+ 35.Kc3 Qxh4 36.Bxg4 Qxf2
37.Rgxe1 dxc5 38.Be2 Red8 39.Nc4 Qg3+ 40.Kc2 Qb3+  0-1

[Event "ch-VIE Men 2012"]
[Site "Can Tho VIE"]
[Date "2012.03.21"]
[Round "4"]
[White "Dao Thien Hai"]
[Black "Cao,S"]
[Result "1/2-1/2"]
[WhiteElo "2516"]
[BlackElo "2526"]

1.e4 e5 2.Nf3 Nc6 3.Bb5 a6 4.Ba4 Nf6 5.O-O b5 6.Bb3 Be7 7.Re1 O-O 8.c3 d6
9.h3 Re8 10.Ng5 Rf8 11.Nf3 Re8 12.Ng5 Rf8 13.Nf3 Re8 14.Ng5 Rf8 15.Nf3 Bb7
16.d4 Re8 17.Ng5 Rf8 18.Nf3 Re8 19.Ng5 Rf8 20.Nf3 Re8  1/2-1/2

[Event "13th EICC"]
[Site "Plovdiv BUL"]
[Date "2012.03.22"]
[Round "3.31"]
[White "Bologan,V"]
[Black "Bosiocic,Mari"]
[Result "1-0"]
[WhiteElo "2687"]
[BlackElo "2562"]

1.e4 e5 2.Nf3 Nc6 3.Bb5 a6 4.Ba4 Nf6 5.O-O Be7 6.Re1 b5 7.Bb3 d6 8.c3 O-O
9.h3 Bb7 10.d4 Re8 11.Nbd2 Bf8 12.a4 h6 13.Bc2 exd4 14.Nxd4 d5 15.Nxc6 Bxc6
16.e5 Ne4 17.Nb3 bxa4 18.Nd4 Bd7 19.Bxa4 Bxa4 20.Rxa4 Qh4 21.Be3 Nc5 22.Ra5 Qe4
23.Bxh6 Qg6 24.Bxg7 Kxg7 25.Re3 Ne4 26.Rxd5 c6 27.Ra5 c5 28.Nf3 Be7 29.Ra4 f5
30.exf6+ Bxf6 31.Qe2 Ng5 32.Rg4 Kh7 33.Nxg5+ Bxg5 34.f4 Rxe3 35.Qxe3 Qb1+
36.Kh2 Bf6 37.Qxc5 Kh6 38.f5 Kh7 39.Rg6 Bd8 40.Qc4  1-0

[Event "13th EICC"]
[Site "Plovdiv BUL"]
[Date "2012.03.24"]
[Round "5.145"]
[White "Antal,T"]
[Black "Mindlin,A"]
[Result "1-0"]
[WhiteElo "2352"]
[BlackElo "2186"]

1.e4 e5 2.Nf3 Nc6 3.Bb5 a6 4.Ba4 Nf6 5.O-O Be7 6.Re1 b5 7.Bb3 d6 8.c3 O-O
9.h3 Bb7 10.d4 Re8 11.Nbd2 Bf8 12.d5 Nb8 13.Nf1 Nbd7 14.Ng3 g6 15.Be3 Nc5
16.Bc2 c6 17.dxc6 Bxc6 18.Bd2 Bg7 19.b4 Ne6 20.Bb3 Nf4 21.Qc2 h6 22.Rad1 Qc7
23.Nd4 Bb7 24.Nde2 d5 25.exd5 N6xd5 26.Ne4 Kh7 27.Nxf4 Nxf4 28.Bxf4 exf4
29.Nc5 Rxe1+ 30.Rxe1 Bc6 31.c4 f3 32.cxb5 axb5 33.Ne6 Qd6 34.Rd1 Qxd1+ 35.Qxd1 fxe6
36.Qd6 Bb7 37.Qd7 Be4 38.Qxe6 Bf5 39.Qd5 Re8 40.gxf3 Bxh3 41.Kh2 Bf5 42.Qxb5 Rd8
43.Bd5 Bd7 44.Qb7 Be5+ 45.Kg2 Bh8  1-0

[Event "13th EICC"]
[Site "Plovdiv BUL"]
[Date "2012.03.24"]
[Round "5.82"]
[White "Macieja,B"]
[Black "Arnaudov,G"]
[Result "1/2-1/2"]
[WhiteElo "2605"]
[BlackElo "2476"]

1.e4 e5 2.Nf3 Nc6 3.Bb5 a6 4.Ba4 Nf6 5.O-O Be7 6.Re1 b5 7.Bb3 d6 8.c3 O-O
9.h3 Bb7 10.d4 Nd7 11.a4 Na5 12.Bc2 c5 13.b3 cxd4 14.cxd4 exd4 15.axb5 axb5
16.Nxd4 Bf6 17.Be3 Rc8 18.Ra2 Bxd4 19.Bxd4 Nc6 20.Bc3 b4 21.Bb2 Nc5 22.Nd2 Ne5
23.Nf1 Ba6 24.Re3 Bxf1 25.Kxf1 Ne6 26.Ra6 Nc6 27.Rd3 Qc7 28.Bb1 Rfd8 29.Rd5 Qb7
30.Ra2 Ne7 31.Rd3 d5 32.exd5 Rxd5 33.Rxd5 Qxd5 34.Qxd5 Nxd5 35.Ra5 Nc3 36.Bf5 Rd8
37.Bxc3 bxc3 38.g3 Nd4 39.Bd3 Nxb3 40.Ra3 g6 41.Rxb3 Rxd3 42.Ke2 Rd2+ 43.Ke3 Rc2
44.Rb1 Rb2  1/2-1/2

[Event "13th EICC"]
[Site "Plovdiv BUL"]
[Date "2012.03.25"]
[Round "6.113"]
[White "Dragomirescu,R"]
[Black "Baron,Ta"]
[Result "1/2-1/2"]
[WhiteElo "2358"]
[BlackElo "2497"]

1.e4 e5 2.Nf3 Nc6 3.Bb5 a6 4.Ba4 Nf6 5.O-O Be7 6.Re1 b5 7.Bb3 d6 8.c3 O-O
9.h3 Bb7 10.d4 Nd7 11.Nbd2 exd4 12.cxd4 Bf6 13.Nf1 Na5 14.Bc2 Re8 15.Ng3 g6
16.a4 c5 17.Bf4 cxd4 18.axb5 axb5 19.Nxd4 Qb6 20.Nxb5 Qxb5 21.Ba4 Qb6 22.Bxd7 Red8
23.Ba4 Nc4 24.Qb3 Qxb3 25.Bxb3 Nxb2 26.Rxa8 Bxa8 27.Re3 Rd7 28.Bh6 Bc6 29.Bd5 Ba4
30.Ra3 Rc7 31.Kh2 Bg7 32.Bxg7 Kxg7 33.Nf1 Bb5 34.Ne3 Na4 35.Rb3 Rc5 36.f3 Nc3
37.Bc4 Bxc4 38.Rxc3 Be6 39.Rd3 Rc6 40.Kg3 Rb6 41.Nd5  1/2-1/2

[Event "13th EICC"]
[Site "Plovdiv BUL"]
[Date "2012.03.29"]
[Round "9.149"]
[White "Antal,T"]
[Black "Kigel,D"]
[Result "1-0"]
[WhiteElo "2352"]
[BlackElo "2235"]

1.e4 e5 2.Nf3 Nc6 3.Bb5 a6 4.Ba4 Nf6 5.O-O b5 6.Bb3 Be7 7.Re1 d6 8.c3 O-O
9.h3 Bb7 10.d4 Re8 11.Nbd2 Bf8 12.Ng5 Re7 13.d5 Na5 14.Bc2 c6 15.b4 Nc4 16.Nxc4 bxc4
17.dxc6 Bxc6 18.Qe2 Rc8 19.a4 Qe8 20.Nf3 Rec7 21.Bg5 Nd7 22.Reb1 Nb8 23.Nd2 f6
24.Be3 d5 25.b5 axb5 26.axb5 d4 27.cxd4 Bxb5 28.dxe5 fxe5 29.Ra5 Bd7 30.Bb6 Rc6
31.Nf3 Re6 32.Qd2 Qe7 33.Be3 Be8 34.Ng5 Rf6 35.Qc3 Nd7 36.Rb2 Rg6 37.Nf3 Qe6
38.Kh2 Bd6 39.Nh4 Rf6 40.Nf5 Bb8 41.Bg5 Rf7 42.Qa3 Kh8 43.Ra6 Rc6 44.Ra8 Rb6
45.Rxb6 Qxb6 46.Be3 Qb7 47.Ra6 Qc8 48.Ne7 Qd8 49.Nd5 Nf8 50.Qb4 Qc8 51.Ra8 Nd7
52.Ba4 Rf3 53.gxf3 Nc5 54.Qxb8  1-0

[Event "Pobeskydi Open 2012"]
[Site "Frydek Mistek CZE"]
[Date "2012.04.07"]
[Round "6"]
[White "Rabatin,J"]
[Black "Korenova,M"]
[Result "1/2-1/2"]
[WhiteElo "2159"]
[BlackElo "2220"]

1.e4 e5 2.Nf3 Nc6 3.Bb5 a6 4.Ba4 Nf6 5.O-O Be7 6.Re1 b5 7.Bb3 d6 8.c3 O-O
9.h3 Bb7 10.d4 Re8 11.a4 h6 12.Nbd2 Bf8 13.Bc2 Nb8 14.axb5 axb5 15.Rxa8 Bxa8
16.dxe5 dxe5 17.Qe2 c6 18.Nf1 Nbd7 19.Ng3 g6 20.b4 Re7 21.Bb3 c5 22.Qxb5 cxb4
23.cxb4  1/2-1/2

[Event "Pobeskydi Open 2012"]
[Site "Frydek Mistek CZE"]
[Date "2012.04.08"]
[Round "7"]
[White "Kozel,Ji"]
[Black "Walkusz,W"]
[Result "0-1"]
[WhiteElo "1969"]
[BlackElo "2133"]

1.e4 e5 2.Nf3 Nc6 3.Bb5 a6 4.Ba4 Nf6 5.O-O b5 6.Bb3 Be7 7.Re1 d6 8.c3 O-O
9.h3 Bb7 10.d4 Re8 11.Ng5 Rf8 12.Nf3 h6 13.Nbd2 Re8 14.Nf1 Bf8 15.Ng3 Na5
16.Bc2 c5 17.a4 Nc6 18.d5 Ne7 19.axb5 axb5 20.Rxa8 Qxa8 21.b4 c4 22.Be3 Qa3
23.Qd2 Ra8 24.Rc1 Qb2 25.Nh4 Ra3 26.Ne2 g5 27.Nf3 Nxe4 28.Bxe4 Qxd2 29.Bxd2 f5
30.Bb1 Bxd5 31.Nxg5 hxg5 32.Bxg5 f4 33.f3 Be6 34.Be4 d5 35.Bb1 Nf5 36.Re1 d4
37.Nxf4 exf4 38.Rxe6 Ng7 39.Re1 Rxc3 40.Be4 Bd6 41.Bd5+ Kf8 42.Ra1 Ne8 43.Ra7 Nc7
44.Bh6+ Ke7 45.Bg5+ Kd7 46.Be4 d3 47.Rb7 d2 48.Rb6 d1=Q+ 49.Kh2  0-1

[Event "FSIM April 2012"]
[Site "Budapest HUN"]
[Date "2012.04.13"]
[Round "7"]
[White "Kislik,E"]
[Black "Lengyel,B"]
[Result "1-0"]
[WhiteElo "2403"]
[BlackElo "2257"]

1.e4 e5 2.Nf3 Nc6 3.Bb5 a6 4.Ba4 Nf6 5.O-O Be7 6.Re1 b5 7.Bb3 d6 8.c3 O-O
9.h3 Bb7 10.d4 Re8 11.Ng5 Rf8 12.Nf3 Re8 13.Nbd2 Bf8 14.a3 h6 15.d5 Nb8 16.Nf1 Nbd7
17.Ng3 c6 18.dxc6 Bxc6 19.Nh2 Nc5 20.Bc2 d5 21.exd5 Qxd5 22.Qxd5 Bxd5 23.Be3 Na4
24.c4 Bc6 25.b3 Nc5 26.b4 Ncd7 27.c5 g6 28.Ng4 h5 29.Nxf6+ Nxf6 30.Bg5 Nh7
31.Bc1 Kg7 32.Bb2 f6 33.Ne2 Bd5 34.f4 exf4 35.Nxf4 Bf7 36.Rf1 g5 37.Nd3 Bg6
38.Rf2 a5 39.Rd1 axb4 40.axb4 Re4 41.Bb3 Rd8 42.Rfd2 h4 43.Bc3 g4 44.Nf2 Rxd2
45.Bxd2 Re7 46.Nxg4 Be4 47.Re1 f5 48.Bh6+ Kg6 49.Bxf8 Nxf8 50.Bc2 Nh7 51.Nf2 Nf6
52.Bd3 Kg5 53.Bxb5 Nd5 54.Bc6 Nxb4 55.Bxe4 fxe4 56.Rxe4 Rxe4 57.Nxe4+ Kf5
58.Nd2 Nc6 59.Nf3 Ke4 60.Nxh4 Kd5 61.g4 Kxc5 62.Kf2 Kd5 63.Ke3 Ke5 64.Nf3+ Kf6
65.Kf4 Ne7 66.g5+ Kg6 67.Kg4 Nd5 68.Ne5+ Kg7 69.h4 Ne3+ 70.Kf3 Nf5 71.h5 Nd4+
72.Kg4 Kh7 73.Nf3 Ne6 74.Nh4 Nxg5 75.Kxg5  1-0

[Event "18th Metropolitan IM"]
[Site "Los Angeles USA"]
[Date "2012.04.13"]
[Round "5"]
[White "Liou,Y"]
[Black "Akopyan,H"]
[Result "1-0"]
[WhiteElo "2293"]
[BlackElo "2243"]

1.e4 e5 2.Nf3 Nc6 3.Bb5 a6 4.Ba4 Nf6 5.O-O Be7 6.Re1 b5 7.Bb3 d6 8.c3 O-O
9.h3 Bb7 10.d4 Re8 11.Nbd2 Bf8 12.a3 h6 13.Bc2 g6 14.b4 Nb8 15.Bb2 Nbd7 16.c4 exd4
17.cxb5 axb5 18.Nxd4 c6 19.Rc1 Qb6 20.Bd3 Nh5 21.N2b3 Rac8 22.Na5 Ba8 23.Qd2 Bg7
24.Bf1 Ndf6 25.Qc2 Nh7 26.Nab3 Ng5 27.h4 Ne6 28.Nxe6 Rxe6 29.Bxg7 Nxg7 30.Qd2 Rce8
31.Bd3 Kh7 32.Red1 Rf6 33.Qb2 Re5 34.Bb1 Qb8 35.Qd4 Qc8 36.f3 Qa6 37.Bc2 Ree6
38.Qf2 Rf4 39.Nd4 Re8 40.Ne2 Rf6 41.Qd4 Rfe6 42.Nf4 Re5 43.Nd3 Rh5 44.Bb3 d5
45.Nc5 Qa7 46.g3 Qc7 47.Qf2 g5 48.exd5 cxd5 49.hxg5 Rh3 50.Ne4 Qe5 51.Bxd5 hxg5
52.Bxa8 Nh5 53.Rc5  1-0

[Event "Brunei GM Inv 2012"]
[Site "Bandar Seri Begawan BRU"]
[Date "2012.04.14"]
[Round "3.4"]
[White "Hj,Sulaiman Hj Md Baharuddin"]
[Black "Dollah,Z"]
[Result "1/2-1/2"]
[WhiteElo "2162"]
[BlackElo "2448"]

1.e4 e5 2.Nf3 Nc6 3.Bb5 a6 4.Ba4 b5 5.Bb3 Be7 6.O-O Nf6 7.Re1 O-O 8.c3 d6
9.h3 Bb7 10.d4 Re8 11.Ng5 Rf8 12.Nf3 Re8 13.Ng5 Rf8  1/2-1/2

[Event "14th Dubai Open 2012"]
[Site "Dubai UAE"]
[Date "2012.04.21"]
[Round "6.15"]
[White "Khukhashvili,S"]
[Black "Kravtsiv,M"]
[Result "1/2-1/2"]
[WhiteElo "2408"]
[BlackElo "2588"]

1.e4 e5 2.Nf3 Nc6 3.Bb5 a6 4.Ba4 Nf6 5.O-O Be7 6.Re1 b5 7.Bb3 d6 8.h3 O-O
9.c3 Bb7 10.d4 Nd7 11.a4 bxa4 12.Bxa4 exd4 13.cxd4 Nb4 14.Bd2 Nd3 15.Re3 Nxb2
16.Qb3 Nxa4 17.Qxb7 Nab6 18.Rxa6 Rxa6 19.Qxa6 d5 20.exd5 Nxd5 21.Re1 N7b6
22.Nc3 Nxc3 23.Bxc3 Bd6 24.Qb5 Qa8 25.Bb4 Qd5 26.Qxd5 Nxd5 27.Bxd6 cxd6 28.Ra1 Rd8
29.g3 h6 30.Kg2 Kf8  1/2-1/2

[Event "TUR-ALG Friendship m 2012"]
[Site "Ankara TUR"]
[Date "2012.05.15"]
[Round "4"]
[White "Seraoui,Mohcen"]
[Black "Koksal,E"]
[Result "0-1"]
[WhiteElo "2165"]
[BlackElo "2200"]

1.e4 e5 2.Nf3 Nc6 3.Bb5 a6 4.Ba4 Nf6 5.O-O Be7 6.Re1 b5 7.Bb3 d6 8.c3 O-O
9.h3 Bb7 10.d3 Re8 11.Nbd2 Bf8 12.Nh2 Na5 13.Bc2 c5 14.Ndf1 d5 15.Bg5 d4
16.cxd4 exd4 17.Ng3 h6 18.Bd2 Nc6 19.f4 c4 20.a3 Nd7 21.Ng4 Nc5 22.Nf2 Na5
23.Bxa5 Qxa5 24.dxc4 bxc4 25.Qxd4 Ne6 26.Qxc4 Nxf4 27.Bb3 Ne6 28.Qc3 Qb6
29.Bxe6 Rxe6 30.b4 Bd6 31.Qe3 Be5 32.Rad1 Rc8 33.Nf5 Qxe3 34.Rxe3 Bb8 35.Kf1 Ba7
36.Rg3 g5 37.Nd6 Rc2 38.Rf3 Bc6 39.Ke1 Ba4 40.Rd2 Rxd2  0-1

[Event "ch-CZE 2012"]
[Site "Kouty nad Desnou CZE"]
[Date "2012.05.17"]
[Round "6"]
[White "Jansa,Vl"]
[Black "Zilka,S"]
[Result "0-1"]
[WhiteElo "2454"]
[BlackElo "2513"]

1.e4 e5 2.Nf3 Nc6 3.Bb5 a6 4.Ba4 Nf6 5.O-O Be7 6.Re1 b5 7.Bb3 d6 8.c3 O-O
9.h3 Bb7 10.d4 Re8 11.Nbd2 Bf8 12.d5 Ne7 13.Nf1 Ng6 14.Ng3 h6 15.Nh2 Bc8
16.a4 Bd7 17.c4 c5 18.dxc6 Bxc6 19.axb5 axb5 20.Rxa8 Bxa8 21.cxb5 d5 22.Ng4 Nxe4
23.Nxe4 dxe4 24.Bc4 Qc7 25.Qa4 Rc8 26.b3 h5 27.Ne3 Nf4 28.Ba3 Nd3 29.b6 Qxb6
30.Bxf7+ Kh8 31.Qd7 Rd8 32.Qf5 Nxe1 33.Bg6 Qxg6 34.Qxg6 Bxa3 35.Qxh5+ Kg8
36.Qxe5 Nd3 37.Qc7 Rf8 38.Qc4+ Kh7 39.Ng4 Bc5 40.Kh2 Bxf2 41.Nxf2 Rxf2 42.Qb5 Rf8
43.b4 Nf4 44.Qc5 Rf6 45.b5 Nd5 46.Qc8 Nb6 47.Qe8 Bd5 48.g4 Re6 49.Qh5+ Kg8
50.Kg1 e3 51.Kf1 e2+ 52.Ke1 Bc4 53.g5 g6 54.Qg4 Rd6  0-1

[Event "6th Wunsiedel Open"]
[Site "Wunsiedel GER"]
[Date "2012.05.20"]
[Round "7"]
[White "Howell,D"]
[Black "Arnaudov,G"]
[Result "1-0"]
[WhiteElo "2607"]
[BlackElo "2477"]

1.e4 e5 2.Nf3 Nc6 3.Bb5 a6 4.Ba4 Nf6 5.O-O Be7 6.Re1 b5 7.Bb3 d6 8.c3 O-O
9.h3 Bb7 10.d4 Nd7 11.a3 Na5 12.Ba2 Bf6 13.d5 Nb6 14.b4 Nac4 15.a4 c6 16.dxc6 Bxc6
17.a5 Nc8 18.Bxc4 bxc4 19.Na3 Bb5 20.Nd2 Qc7 21.Qe2 Ne7 22.Ndxc4 d5 23.Nxb5 axb5
24.Nb6 Rad8 25.Qxb5 Qxc3 26.Ba3 dxe4 27.Qc4 Nd5 28.b5 Rfe8 29.Rec1 Qd2 30.Nxd5 Rxd5
31.Bb4 Qd3 32.b6 Bg5 33.Rc3 Qxc4 34.Rxc4 e3 35.b7 Rdd8 36.a6 e2 37.Re1 Rb8
38.Bd6  1-0

[Event "TCh-FRA Top 12 2012"]
[Site "Belfort FRA"]
[Date "2012.06.06"]
[Round "7.2"]
[White "Kulaots,K"]
[Black "Tkachiev,V"]
[Result "1/2-1/2"]
[WhiteElo "2574"]
[BlackElo "2641"]

1.e4 e5 2.Nf3 Nc6 3.Bb5 a6 4.Ba4 Nf6 5.O-O Be7 6.Re1 b5 7.Bb3 O-O 8.c3 d6
9.h3 Bb7 10.d4 Nd7 11.a4 Na5 12.Bc2 c5 13.Nbd2 exd4 14.cxd4 Nc6  1/2-1/2

[Event "1st Grand Europe Open"]
[Site "Golden Sands BUL"]
[Date "2012.06.09"]
[Round "6.55"]
[White "Zhang Xiaowen"]
[Black "Koksal,E"]
[Result "1/2-1/2"]
[WhiteElo "2385"]
[BlackElo "2200"]

1.e4 e5 2.Nf3 Nc6 3.Bb5 a6 4.Ba4 Nf6 5.O-O Be7 6.Re1 b5 7.Bb3 d6 8.c3 O-O
9.h3 Bb7 10.d4 Re8 11.Nbd2 Bf8 12.a3 h6 13.d5 Nb8 14.Nh2 Nbd7 15.Qf3 c6 16.dxc6 Bxc6
17.Ng4 Re7 18.Nf1 Nxg4 19.hxg4 Nc5 20.Ba2 Rd7 21.Ng3 d5 22.exd5 Bxd5 23.Bxd5 Rxd5
24.g5 Nb3 25.Rb1 Rd3 26.Qf5 g6 27.Qxe5 Bd6 28.Qf6 Nxc1 29.Rbxc1 hxg5 30.Ne4 Bf4
31.Rc2 Rd1 32.Re2 Qd3 33.Qd4 Qxd4 34.cxd4 Rxd4 35.g3 Be5 36.Nxg5 Bf6 37.Ne4 Bg7
38.Nc5 Rd5 39.Re8+ Rxe8 40.Rxe8+ Kh7 41.b4 Rd1+ 42.Kg2 Ra1 43.Ra8 Rxa3 44.Rxa6 Rxa6
45.Nxa6 Bf8 46.Kf3 Kh6 47.Nc7  1/2-1/2

[Event "Server24Chess 2012"]
[Site "Ortisei ITA"]
[Date "2012.06.10"]
[Round "9"]
[White "Moroder,S"]
[Black "Giuriato,S"]
[Result "0-1"]
[WhiteElo "2129"]
[BlackElo "1994"]

1.e4 Nc6 2.Nf3 e5 3.Bb5 a6 4.Ba4 Nf6 5.O-O Be7 6.Re1 b5 7.Bb3 O-O 8.c3 d6
9.h3 Bb7 10.d4 Re8 11.a4 Bf8 12.Nbd2 exd4 13.cxd4 Qd7 14.axb5 axb5 15.Rxa8 Bxa8
16.Ng5 Nd8 17.d5 c6 18.dxc6 Bxc6 19.Qc2 Qb7 20.Re3 h6 21.Ngf3 Ne6 22.Rc3 Nc5
23.e5 Nfe4 24.e6 fxe6 25.Nxe4 Bxe4 26.Qe2 b4 27.Re3 Nxb3 28.Rxb3 Bd5 29.Re3 Rc8
30.Bd2 Rc2 31.b3 Rb2 32.Qd1 Bxf3 33.Rxf3 Qd5 34.Qc1 Rxb3 35.Rf4 e5 36.Rf5 Qe6
37.Qc2 Be7 38.Rh5 e4 39.Rb5 Bf6 40.Rb8+ Kh7 41.Bxb4 Rb2 42.Qc6 Qf5 43.f4 Rb1+  0-1

[Event "26th Pula Open"]
[Site "Pula CRO"]
[Date "2012.06.15"]
[Round "8.28"]
[White "Deslandes,P"]
[Black "Borkovec,M"]
[Result "1-0"]
[WhiteElo "2272"]
[BlackElo "2153"]

1.e4 e5 2.Nf3 Nc6 3.Bb5 a6 4.Ba4 Nf6 5.O-O b5 6.Bb3 Be7 7.Re1 d6 8.c3 O-O
9.h3 Bb7 10.d4 Re8 11.Nbd2 Bf8 12.d5 Na5 13.Bc2 c6 14.dxc6 Bxc6 15.Nf1 h6
16.Ng3 g6 17.h4 h5 18.Bg5 Bg7 19.Qe2 Qc7 20.Rad1 Nb7 21.Nh2 Nc5 22.Nhf1 Ne6
23.Qd2 Rad8 24.Ne3 Nxg5 25.hxg5 Nh7 26.Nd5 Bxd5 27.exd5 Qe7 28.Ne4 Nf8 29.a4 Nd7
30.axb5 axb5 31.Ra1 Nc5 32.Ra5 Nxe4 33.Bxe4 Rb8 34.Rea1 Qd7 35.Qe3 Rb7 36.Ra7 Reb8
37.Rxb7 Qxb7 38.Ra7 Qb6 39.Qxb6 Rxb6 40.Kf1 Rb8 41.Ke2 Kf8 42.Kd3 Ke8 43.Bxg6  1-0

[Event "16th Voronezh Master Open"]
[Site "Voronezh RUS"]
[Date "2012.06.15"]
[Round "4.1"]
[White "Gabrielian,A"]
[Black "Grigoriants,S RUS"]
[Result "1-0"]
[WhiteElo "2573"]
[BlackElo "2557"]

1.e4 e5 2.Nf3 Nc6 3.Bb5 a6 4.Ba4 Nf6 5.O-O Be7 6.Re1 b5 7.Bb3 d6 8.c3 O-O
9.h3 Bb7 10.d4 Re8 11.Nbd2 Bf8 12.Bc2 h6 13.a4 Qd7 14.d5 Ne7 15.c4 c6 16.b3 Reb8
17.Bd3 Ng6 18.Nf1 bxc4 19.bxc4 a5 20.Bd2 Ba6 21.Ra3 Qc7 22.Ng3 Nd7 23.Bf1 Bc8
24.Nf5 Nc5 25.Nh2 Ne7 26.Qh5 Rb3 27.Rxb3 Nxb3 28.Be3 c5 29.Ng4 Nd4 30.Nfxh6+  1-0

[Event "Paleros Open"]
[Site "Paleros GRE"]
[Date "2012.06.18"]
[Round "4"]
[White "Skouvaklis,A"]
[Black "Mejvik,J"]
[Result "1-0"]
[WhiteElo "2123"]
[BlackElo "2039"]

1.e4 e5 2.Nf3 Nc6 3.Bb5 a6 4.Ba4 Nf6 5.O-O Be7 6.Re1 b5 7.Bb3 d6 8.c3 O-O
9.h3 Bb7 10.d4 Re8 11.Nbd2 Bf8 12.Bc2 g6 13.d5 Nb8 14.c4 Nbd7 15.a4 c6 16.Qe2 Qc7
17.Nb3 cxd5 18.cxd5 Rac8 19.Bb1 bxa4 20.Rxa4 Nxd5 21.exd5 Bxd5 22.Ba2 Bc4
23.Qc2 Nb6 24.Ra5 d5 25.Bd2 e4 26.Nfd4 Qe5 27.Nf3 Qd6 28.Nfd4 Bd3 29.Qd1 Nc4
30.Nc1 Nxa5 31.Bxa5 Bc4 32.Bxc4 Rxc4 33.Bc3 Bg7 34.Ncb3 Rec8 35.Qd2 Qb6 36.Rd1 h6
37.Na1 Qb7 38.Nac2 R4c7 39.Ne2 Bxc3 40.bxc3 Qb2 41.Nb4 Qxd2 42.Rxd2 Kg7 43.Nxa6 Rd7
44.Nb4 Rc5 45.Nc2 g5 46.Ne3 Kg6 47.g4 Kf6 48.c4 Ra7 49.cxd5 Ra3 50.Rd4 Ra2
51.Ng3 Rb5 52.d6 Rb8 53.d7 Rd8 54.Nh5+ Ke5 55.Rd5+ Ke6 56.Ng7+ Kf6 57.Ngf5 Ra7
58.Rd6+ Ke5 59.Nc4+ Kf4 60.Rf6 e3 61.Ng3+  1-0

[Event "5th Int ch-Central Serbia 2012"]
[Site "Paracin SRB"]
[Date "2012.07.06"]
[Round "1.2"]
[White "Vovk,Y"]
[Black "Selbes,T"]
[Result "1-0"]
[WhiteElo "2584"]
[BlackElo "2257"]

1.e4 e5 2.Nf3 Nc6 3.Bb5 a6 4.Ba4 Nf6 5.O-O Be7 6.Re1 b5 7.Bb3 d6 8.c3 O-O
9.h3 Bb7 10.d4 Re8 11.Nbd2 Bf8 12.a3 g6 13.Ba2 Bg7 14.b4 h6 15.Bb2 Qd7 16.Qc2 a5
17.d5 Ne7 18.c4 axb4 19.axb4 c6 20.Bc3 Rec8 21.dxc6 Qxc6 22.c5 Nd7 23.Qb3 Rxa2
24.Qxa2 dxc5 25.Nb3 Ra8 26.Na5 Qc7 27.Qb2 Nc6 28.Nxc6 Bxc6 29.bxc5 Re8 30.Bb4 f5
31.Qb3+ Kh7 32.exf5 gxf5 33.Nd4 Nxc5 34.Qc2 Be4 35.Rxe4 fxe4 36.Nxb5 Qb7
37.Qxc5 Rc8 38.Ra7 Rxc5 39.Rxb7  1-0

[Event "9th South Wales Int"]
[Site "Penarth WLS"]
[Date "2012.07.08"]
[Round "2.23"]
[White "Hickman,J"]
[Black "Rodriguez,Juan Talavera"]
[Result "0-1"]
[WhiteElo "1933"]
[BlackElo "2061"]

1.e4 e5 2.Nf3 Nc6 3.Bb5 a6 4.Ba4 Nf6 5.O-O b5 6.Bb3 Be7 7.Re1 d6 8.c3 O-O
9.h3 Bb7 10.d4 Re8 11.Nbd2 Bf8 12.d5 Ne7 13.Nf1 g6 14.Bg5 Bg7 15.Qd2 Nd7
16.Ng3 f6 17.Be3 Nb6 18.Nh2 Qd7 19.f3 Nc4 20.Bxc4 bxc4 21.Red1 a5 22.Qe2 Reb8
23.f4 exf4 24.Bxf4 Ba6 25.Ng4 Qb5 26.Rab1 Re8 27.Qd2 Bc8 28.Rf1 Bxg4 29.hxg4 Nc8
30.Bh6 Qd7 31.Bxg7 Kxg7 32.Qf4 Qe7 33.Rf2 Nb6 34.Rbf1 Nd7 35.Qd2 Rf8 36.Rf4 Nc5
37.Qd4 Nd3 38.R4f3 Ne5 39.Rf4 Qd7 40.Qd1 a4 41.Ne2 Nd3 42.R4f3 Qxg4 43.Nd4 Nc5
44.Qe2 Rae8 45.Qxc4 Qxe4 46.b4 axb3 47.axb3 Rf7 48.b4 Nd7 49.Qb5 Qe5 50.Qc6 Nf8
51.Ne6+ Rxe6 52.dxe6 Qxe6 53.Qa8 Qc4 54.Qa7 Nd7 55.Qf2 Qe6 56.Qe3 Ne5 57.Rf4 Qd5
58.Qh3 f5 59.Rh4 h5 60.Rd4 Qb3 61.Qe3 Nc6 62.Qf3 Nxd4  0-1

[Event "Int Open ch-SVK 2012"]
[Site "Banska Stiavnica SVK"]
[Date "2012.07.10"]
[Round "4.23"]
[White "Skara,V"]
[Black "Chovan,Milan"]
[Result "1-0"]
[WhiteElo "2216"]
[BlackElo "1739"]

1.e4 e5 2.Nf3 Nc6 3.Bb5 a6 4.Ba4 Nf6 5.O-O Be7 6.Re1 b5 7.Bb3 d6 8.c3 O-O
9.h3 Bb7 10.d4 Re8 11.Nbd2 Bf8 12.Bc2 g6 13.d5 Nb8 14.Nf1 c6 15.dxc6 Nxc6
16.a4 Bg7 17.Ng3 d5 18.axb5 axb5 19.Rxa8 Bxa8 20.Qe2 dxe4 21.Ng5 h6 22.N5xe4 Nxe4
23.Nxe4 b4 24.Rd1 Qc7 25.Bb3 Rd8 26.Rxd8+ Nxd8 27.Bc4 Qc6 28.f3 bxc3 29.bxc3 Qb6+
30.Kh2 Kh7 31.Be3 Qc7 32.Qa2 Bb7 33.Qb3 f5 34.Bb6 Qc6 35.Nc5 Bc8 36.Bd5 Qe8
37.Bc7 Bd7 38.Qb8 Nc6 39.Qb7 Ne7 40.c4 Bc6 41.Qb3 Qa8 42.Bf7 e4 43.fxe4 Bxe4
44.Qg3 Qf8 45.Be6 Qf6 46.Qd6 Bf8 47.Nd7 Qg5 48.Nxf8+ Kg7 49.Qd4+  1-0

[Event "22nd HOF Open 2012"]
[Site "Jyvaskyla FIN"]
[Date "2012.07.10"]
[Round "2"]
[White "Agopov,M"]
[Black "Luukkonen,T"]
[Result "0-1"]
[WhiteElo "2442"]
[BlackElo "2279"]

1.e4 e5 2.Nf3 Nc6 3.Bb5 a6 4.Ba4 Nf6 5.O-O Be7 6.Re1 b5 7.Bb3 d6 8.c3 O-O
9.h3 Bb7 10.d4 Re8 11.Nbd2 Bf8 12.d5 Nb8 13.Nf1 Nbd7 14.N3h2 h6 15.Ng4 Nxg4
16.hxg4 Be7 17.Be3 Nc5 18.Bc2 c6 19.Bxc5 dxc5 20.Ne3 Bg5 21.c4 cxd5 22.exd5 Bxe3
23.Rxe3 bxc4 24.Be4 Qb6 25.b3 Qf6 26.bxc4 Qf4 27.g3 Qg5 28.Qa4 Rad8 29.Qa5 Qxg4
30.Qxc5 f5 31.Bf3 Qg5 32.Qb6 f4 33.Rb3 fxg3 34.fxg3 Bc8 35.Be4 Bf5 36.Qe3 Bxe4
37.Qxe4 Rf8 38.Rd1 Rf4 39.Qe2 Rg4 40.Kh2 Qh5+  0-1

[Event "5th Int ch-Central Serbia 2012"]
[Site "Paracin SRB"]
[Date "2012.07.10"]
[Round "5.10"]
[White "Matsenko,S"]
[Black "Selbes,T"]
[Result "1-0"]
[WhiteElo "2460"]
[BlackElo "2257"]

1.e4 e5 2.Nf3 Nc6 3.Bb5 a6 4.Ba4 Nf6 5.O-O Be7 6.Re1 b5 7.Bb3 d6 8.c3 O-O
9.h3 Bb7 10.d4 Re8 11.Nbd2 Bf8 12.a3 g6 13.d5 Nb8 14.Nf1 Nbd7 15.Ng3 Nc5
16.Ba2 c6 17.Bg5 cxd5 18.Bxf6 Qxf6 19.Bxd5 Bxd5 20.Qxd5 Rac8 21.Rad1 Qd8
22.Nf1 Ne6 23.Qd2 Nf4 24.Ne3 Rc5 25.Kh2 h5 26.Ng1 d5 27.b4 Rc8 28.g3 d4 29.cxd4 exd4
30.Qxd4 Qxd4 31.Rxd4 Ne6 32.Rd3 h4 33.Nd5 hxg3+ 34.Kxg3 Bg7 35.Nf3 Kf8 36.e5 Red8
37.Red1 a5 38.bxa5 Nc5 39.R3d2 Nb3 40.Re2 Nxa5  1-0

[Event "5th Int ch-Central Serbia 2012"]
[Site "Paracin SRB"]
[Date "2012.07.13"]
[Round "9.16"]
[White "Andrijevic,M"]
[Black "Popovic,AM"]
[Result "1/2-1/2"]
[WhiteElo "2345"]
[BlackElo "2288"]

1.e4 e5 2.Nf3 Nc6 3.Bb5 a6 4.Ba4 Nf6 5.O-O Be7 6.Re1 b5 7.Bb3 d6 8.c3 O-O
9.h3 Bb7 10.d4 Nd7 11.dxe5 Ncxe5 12.Nxe5 dxe5 13.Qe2 Nf6 14.Bc2 Nd7 15.Nd2 Bd6
16.Nf1 Re8 17.Be3 Bc5 18.Bxc5 Nxc5 19.Ng3 Ne6 20.Rad1 Qf6  1/2-1/2

[Event "Corporation Centre Cup A"]
[Site "Izhevsk RUS"]
[Date "2012.07.17"]
[Round "3.10"]
[White "Kokarev,Dm"]
[Black "Balashov,Y"]
[Result "1-0"]
[WhiteElo "2616"]
[BlackElo "2446"]

1.e4 e5 2.Nf3 Nc6 3.Bb5 a6 4.Ba4 Nf6 5.O-O Be7 6.Re1 b5 7.Bb3 d6 8.c3 O-O
9.h3 Bb7 10.d4 Re8 11.Nbd2 Bf8 12.d5 Ne7 13.Nf1 Ng6 14.N3h2 c6 15.dxc6 Bxc6
16.Bg5 Nf4 17.Qf3 Ne6 18.Bxf6 Qxf6 19.Qxf6 gxf6 20.Ng4 Kg7 21.Ng3 Kg6 22.Ne3 Rad8
23.a4 Nc5 24.axb5 axb5 25.Bd5 Bd7 26.Ra7 Na4 27.Rb1 Nb6 28.Rxd7 Rxd7 29.Bc6 Red8
30.Bxd7 Rxd7 31.Rd1 Nc4 32.Nd5 Nxb2 33.Rb1 Nd3 34.Rxb5 Nc5 35.Rb8 Ne6 36.h4 Ra7
37.Nf5 h5 38.Kh2 Ra4 39.f3 Ra2 40.Rc8 Rd2 41.Kg1 Rd1+ 42.Kf2 Rd2+ 43.Kf1 Ra2
44.g3 Rh2 45.f4 exf4 46.gxf4 Bh6 47.Rh8 Bf8 48.Nde7+  1-0

[Event "23rd Czech Open A"]
[Site "Pardubice CZE"]
[Date "2012.07.22"]
[Round "3.2"]
[White "Gavrilov,Al1"]
[Black "Kravtsiv,M"]
[Result "1-0"]
[WhiteElo "2498"]
[BlackElo "2582"]

1.e4 e5 2.Nf3 Nc6 3.Bb5 a6 4.Ba4 Nf6 5.O-O Be7 6.Re1 b5 7.Bb3 d6 8.c3 O-O
9.h3 Bb7 10.d4 Nd7 11.Nbd2 exd4 12.cxd4 Bf6 13.Nf1 Re8 14.Ng3 g6 15.Bh6 Na5
16.Bc2 Nc4 17.b3 Na3 18.Bd3 c5 19.Bf4 Qb6 20.e5 dxe5 21.dxe5 Bg7 22.Be4 Bxe4
23.Nxe4 Rad8 24.Qc1 Nxe5 25.Bxe5 Bxe5 26.Nxe5 Rxe5 27.f4 Re7 28.Qb2 c4+ 29.Kh2 c3
30.Qxc3 Re6 31.Rac1 b4 32.Qg3 Qb8 33.Qh4 h5 34.Nf6+ Kg7 35.Rxe6 fxe6 36.Nxh5+ gxh5
37.Qe7+  1-0